Miracles in Science and Theology
Miracles are not “violations” of nature. Contemporary miraculous healings seem to follow natural healing processes but to be enormously accelerated. Like grace, miracles elevate but do not contradict nature. Scriptural miracles, but also contemporary miracle accounts, have something to tell us about...
| Main Author: | |
|---|---|
| Format: | Electronic Article |
| Language: | English |
| Check availability: | HBZ Gateway |
| Interlibrary Loan: | Interlibrary Loan for the Fachinformationsdienste (Specialized Information Services in Germany) |
| Published: |
2002
|
| In: |
Zygon
Year: 2002, Volume: 37, Issue: 3, Pages: 703-716 |
| Further subjects: | B
Augustine
B Miracle B David Hume B Grace B Alexis Carrell B special providence B Divine Action |
| Online Access: |
Volltext (lizenzpflichtig) Volltext (lizenzpflichtig) |
| Parallel Edition: | Non-electronic
|
MARC
| LEADER | 00000naa a22000002c 4500 | ||
|---|---|---|---|
| 001 | 1827955570 | ||
| 003 | DE-627 | ||
| 005 | 20221220235125.0 | ||
| 007 | cr uuu---uuuuu | ||
| 008 | 221220s2002 xx |||||o 00| ||eng c | ||
| 024 | 7 | |a 10.1111/1467-9744.00447 |2 doi | |
| 035 | |a (DE-627)1827955570 | ||
| 035 | |a (DE-599)KXP1827955570 | ||
| 040 | |a DE-627 |b ger |c DE-627 |e rda | ||
| 041 | |a eng | ||
| 084 | |a 0 |2 ssgn | ||
| 100 | 1 | |e VerfasserIn |0 (DE-588)143050842 |0 (DE-627)704375516 |0 (DE-576)188108955 |4 aut |a Nichols, Terence L. |d 1941- | |
| 109 | |a Nichols, Terence L. 1941- |a Nichols, Terence 1941- | ||
| 245 | 1 | 0 | |a Miracles in Science and Theology |
| 264 | 1 | |c 2002 | |
| 336 | |a Text |b txt |2 rdacontent | ||
| 337 | |a Computermedien |b c |2 rdamedia | ||
| 338 | |a Online-Ressource |b cr |2 rdacarrier | ||
| 520 | |a Miracles are not “violations” of nature. Contemporary miraculous healings seem to follow natural healing processes but to be enormously accelerated. Like grace, miracles elevate but do not contradict nature. Scriptural miracles, but also contemporary miracle accounts, have something to tell us about how God acts in the world. | ||
| 601 | |a Theologe | ||
| 650 | 4 | |a special providence | |
| 650 | 4 | |a Miracle | |
| 650 | 4 | |a David Hume | |
| 650 | 4 | |a Grace | |
| 650 | 4 | |a Divine Action | |
| 650 | 4 | |a Alexis Carrell | |
| 650 | 4 | |a Augustine | |
| 773 | 0 | 8 | |i Enthalten in |t Zygon |d [London] : Open Library of Humanities, 1966 |g 37(2002), 3, Seite 703-716 |h Online-Ressource |w (DE-627)300593570 |w (DE-600)1482903-4 |w (DE-576)090854799 |x 1467-9744 |7 nnas |
| 773 | 1 | 8 | |g volume:37 |g year:2002 |g number:3 |g pages:703-716 |
| 776 | |i Erscheint auch als |n Druckausgabe |w (DE-627)1645573001 |k Non-Electronic | ||
| 856 | 4 | 0 | |u https://doi.org/10.1111/1467-9744.00447 |x Resolving-System |z lizenzpflichtig |3 Volltext |7 1 |
| 856 | 4 | 0 | |u https://onlinelibrary.wiley.com/doi/abs/10.1111/1467-9744.00447 |x Verlag |z lizenzpflichtig |3 Volltext |7 1 |
| 935 | |a mteo | ||
| 951 | |a AR | ||
| ELC | |a 1 | ||
| ITA | |a 1 |t 1 | ||
| LOK | |0 000 xxxxxcx a22 zn 4500 | ||
| LOK | |0 001 4235360485 | ||
| LOK | |0 003 DE-627 | ||
| LOK | |0 004 1827955570 | ||
| LOK | |0 005 20221220052612 | ||
| LOK | |0 008 221220||||||||||||||||ger||||||| | ||
| LOK | |0 035 |a (DE-Tue135)IxTheo#2022-12-06#660F4938A0B1B583B8CB6E1B1C546A7533BBD9DB | ||
| LOK | |0 040 |a DE-Tue135 |c DE-627 |d DE-Tue135 | ||
| LOK | |0 092 |o n | ||
| LOK | |0 852 |a DE-Tue135 | ||
| LOK | |0 852 1 |9 00 | ||
| LOK | |0 935 |a ixzs |a ixrk |a zota | ||
| LOK | |0 939 |a 20-12-22 |b l01 | ||
| OAS | |a 1 |b inherited from superior work | ||
| ORI | |a SA-MARC-ixtheoa001.raw | ||
| REL | |a 1 | ||
| SUB | |a REL | ||



